Gregorio Luperón Int. Destinations (Puerto Plata, Dominican Rep.) - Statistics

General Stats
  • This quiz has been taken 24 times
    13 since last reset
  • The average score is 22 of 25
Answer Stats
Airline Destination % Correct
Delta Air Lines Atlanta
100%
JetBlue Boston
100%
TUI fly Nordic Copenhagen
100%
American Airlines Miami
100%
Air Canada Rouge/Air Transat/Sunwing Airlines Montreal (Trudeau)
100%
JetBlue New York (JFK)
100%
Air Transat/Sunwing Airlines Quebec City
100%
Air Canada Rouge/Air Transat/Sunwing Airlines/WestJet Toronto (Pearson)
100%
LOT Polish Airlines Warsaw (Chopin)
100%
Edelweiss Air Zurich
100%
American Airlines Charlotte
89%
Condor Frankfurt
89%
Air Transat/Sunwing Airlines Halifax
89%
LOT Polish Airlines Katowice
89%
United Airlines Newark
89%
Air Transat/Sunwing Airlines Ottawa
89%
LOT Polish Airlines Poznan
89%
Sunwing Airlines Moncton
78%
Nordwind Airlines Moscow (Sheremetyevo)
78%
Sunwing Airlines Regina
78%
Frontier Airlines San Juan
78%
Sunwing Airlines Saskatoon
78%
TUI fly Nordic Stockholm (Arlanda)
78%
Sunwing Airlines Winnipeg
78%
InterCaribbean Airways Providenciales
33%
No matching quizzes found
Score Distribution
Percent of People with Each Score
Percentile by Number Answered
Your Score History
You have not taken this quiz since the last reset